00390nam a2200157Ia 4500003000400000005001700004008004100021040000700062041001200069082001800081100002200099245004500121260002600166365001300192700002700205OSt20251103180455.0210423s2008 xx 000 0 und d cAL aEnglish a362.30 bMUKC aAlok Mukhopadhyay aCivil society action for tobacco control aNew DelhibVHAIc2008 b250cINR aMukhopadhyay, Bhavna B